000 00301nam a22001337a 4500
008 181011b xxu||||| |||| 00| 0 eng d
020 _a9780763707279
041 _aeng
080 _a616
100 _a9
101 _aPAT
245 _aAn Introduction to Human Disease
_cCrowley, L
942 _2udc
_cBK
999 _c49430
_d49430